000 00543pam a2200181 a 4500
005 20250901165434.0
008 880729s1989 nyua b 001 0 eng
010 _a 88023123
020 _a0070611505 :
_c$29.95 (est.)
050 0 0 _aHD62.7 .S8 1989
_b.S8 1989
082 0 0 _a658/.022
_219
100 1 _aSteinhoff, Dan.
245 1 0 _aSmall business management fundamentals /
_cDan Steinhoff, John F. Burgess.
250 _a5th ed.
260 _aNew York :
_bMcGraw-Hill,
_cc1989.
300 _axxviii, 492 p. :
_bill. ;
_c24 cm.
942 _2lcc
999 _c3985
_d3985